<?xml version="1.0" encoding="UTF-8"?>
<record
    xmlns:xsi="http://www.w3.org/2001/XMLSchema-instance"
    xsi:schemaLocation="http://www.loc.gov/MARC21/slim http://www.loc.gov/standards/marcxml/schema/MARC21slim.xsd"
    xmlns="http://www.loc.gov/MARC21/slim">

  <leader>02258nam a22003737a 4500</leader>
  <datafield tag="999" ind1=" " ind2=" ">
    <subfield code="c">23424</subfield>
    <subfield code="d">23424</subfield>
  </datafield>
  <controlfield tag="003">AR-CdUCM</controlfield>
  <controlfield tag="008">251222b2024    pe ||||| |||| 00| 0 spa d</controlfield>
  <datafield tag="040" ind1=" " ind2=" ">
    <subfield code="a">MUNICIPALIDAD PROVINCIAL DEL CUSCO</subfield>
    <subfield code="c">BIBLIOTECA MUNICIPAL DEL CUSCO</subfield>
  </datafield>
  <datafield tag="082" ind1=" " ind2=" ">
    <subfield code="a">869.03</subfield>
    <subfield code="b">C78</subfield>
  </datafield>
  <datafield tag="100" ind1=" " ind2=" ">
    <subfield code="a">Miguel Corazao Ch&#xE1;vez</subfield>
  </datafield>
  <datafield tag="110" ind1=" " ind2=" ">
    <subfield code="a">Biblioteca Nacional del Per&#xFA;</subfield>
    <subfield code="9">51797</subfield>
  </datafield>
  <datafield tag="245" ind1=" " ind2=" ">
    <subfield code="a">Purec</subfield>
    <subfield code="b">Caminando m&#xE1;s all&#xE1; del universo del Valle Sagrado de los Incas</subfield>
  </datafield>
  <datafield tag="260" ind1=" " ind2=" ">
    <subfield code="a">Biblioteca Nacional del Per&#xFA;</subfield>
    <subfield code="b">Lezama</subfield>
    <subfield code="c">2024</subfield>
  </datafield>
  <datafield tag="300" ind1=" " ind2=" ">
    <subfield code="a">226 p&#xE1;ginas</subfield>
    <subfield code="c">15 x 22 cm.</subfield>
  </datafield>
  <datafield tag="505" ind1=" " ind2=" ">
    <subfield code="a">Dedicatoria -- Presentaci&#xF3;n -- Introducci&#xF3;n -- Purec y Llachi -- --Donato Sullca Puma -- El condenado -- Los misioneros -- El comerciante -- Los seres humanos y Mauro -- Pantaco -- Pahuachicuy -- Huaccay &#xD1;ahui -- Laguna encantada Arorayoc -- Auquina y Purec -- Yachachec -- Siembra de papa -- Juzgamiento -- Constructores -- Yachachec yaco -- Madre Illapa -- Canci&#xF3;n a la naturaleza -- Aclla Vivi -- Serpiente venenosa -- Pep&#xED;n -- Ccorisoncco -- Aristar -- Leyenda del origen del agua de Yanahuara -- Suerte del ccoe o cuy -- Tuyapata y Meche -- Puma -- F&#xE9;retro vs Odre -- &#xD1;accacho -- Socca machu enamoradizo --Huasi huacca -- Purec - Sorpresas -- en Cusco, capital del imperio inca -- en Lima -- Jes&#xFA;s  y Manco Ccapac -- Anteproyencto de Leyes -- Asesor de Nina Fhuyo -- Incacha: asamblea de la naturaleza -- Conclusiones -- Esp&#xED;ritu -- Recorriendo su vida pasada -- Dibujos del autor 
</subfield>
  </datafield>
  <datafield tag="650" ind1=" " ind2=" ">
    <subfield code="a">Purec sumergido en pensamientos</subfield>
    <subfield code="9">51798</subfield>
  </datafield>
  <datafield tag="650" ind1=" " ind2=" ">
    <subfield code="a">Recorrido del campo </subfield>
    <subfield code="9">51799</subfield>
  </datafield>
  <datafield tag="650" ind1=" " ind2=" ">
    <subfield code="a">Laguna encantada</subfield>
    <subfield code="9">51800</subfield>
  </datafield>
  <datafield tag="650" ind1=" " ind2=" ">
    <subfield code="a">Narraci&#xF3;n de la historia del Socca</subfield>
    <subfield code="9">51801</subfield>
  </datafield>
  <datafield tag="650" ind1=" " ind2=" ">
    <subfield code="a">Visita de las inmediaciones</subfield>
    <subfield code="9">51802</subfield>
  </datafield>
  <datafield tag="650" ind1=" " ind2=" ">
    <subfield code="a">Mescla de alegr&#xED;a y placer</subfield>
    <subfield code="9">51803</subfield>
  </datafield>
  <datafield tag="650" ind1=" " ind2=" ">
    <subfield code="a">Normas morales</subfield>
    <subfield code="9">51804</subfield>
  </datafield>
  <datafield tag="650" ind1=" " ind2=" ">
    <subfield code="a">Semillas seleccionadas</subfield>
    <subfield code="9">51805</subfield>
  </datafield>
  <datafield tag="650" ind1=" " ind2=" ">
    <subfield code="a">construcci&#xF3;n de viviendas </subfield>
    <subfield code="9">51806</subfield>
  </datafield>
  <datafield tag="650" ind1=" " ind2=" ">
    <subfield code="a">Presencia de Purec y Auquina </subfield>
    <subfield code="9">51807</subfield>
  </datafield>
  <datafield tag="650" ind1=" " ind2=" ">
    <subfield code="a">Efectos de falta de agua </subfield>
    <subfield code="9">51808</subfield>
  </datafield>
  <datafield tag="650" ind1=" " ind2=" ">
    <subfield code="a">Traslado a la ciudad inca</subfield>
    <subfield code="9">51809</subfield>
  </datafield>
  <datafield tag="650" ind1=" " ind2=" ">
    <subfield code="a">Viaje a Lima</subfield>
    <subfield code="9">51810</subfield>
  </datafield>
  <datafield tag="650" ind1=" " ind2=" ">
    <subfield code="a">Soluciones pragm&#xE1;ticas y realistas</subfield>
    <subfield code="9">51811</subfield>
  </datafield>
  <datafield tag="710" ind1=" " ind2=" ">
    <subfield code="a">Biblioteca Nacional del Per&#xFA;</subfield>
    <subfield code="9">51797</subfield>
  </datafield>
  <datafield tag="942" ind1=" " ind2=" ">
    <subfield code="2">ddc</subfield>
    <subfield code="c">LIBROS</subfield>
  </datafield>
  <datafield tag="945" ind1=" " ind2=" ">
    <subfield code="a">jmcs</subfield>
    <subfield code="d">22/12/2025</subfield>
  </datafield>
</record>
